01084nam a2200253 a 450000100100000000500170001000800410002702000150006804000250008308200200010810000210012824500410014926000350019030000280022550000640025359000260031765000280034365000290037191000380040095201330043895201180057195201240068999900170081300004204520201002035914.0131111s2005 dr a r 000 p spa d z9993432037 aDO-SdBNPbspacBNPHU aPe861.44bD828e1 aDuche, G.96902910aEsculpir la dura piedra /cG. Duche. aSanto Domingo :bArgos,c2005. a148 p. :bil. ;c23 cm. aLa biblioteca posee 3 ejemplares autografiados por el autor aInventariado, 2018/BT 4aPoesía peruana915589 4aLiteratura peruana93140 aValidado. Control de calidad. MFF 001054708DSaGRbGRcHDd2013-11-11iLF1l0oPe861.44 D828ep42045-30r2020-06-25te. 3w2020-06-25yLFDSZPréstamo en sala 0010718PDaPDbPDcHDd2013-11-11iLF1l0oPe861.44 D828ep42045-10r2020-06-25w2020-06-25yLFPDZNo se presta 0010718PDaPDbPDcHDd2013-11-11iLF1l0oPe861.44 D828ep42045-20r2020-06-25te. 2w2020-06-25yLFPDZNo se presta c41534d41534